000
00217 a2200097 4500
001
3672
100
_a
Wilcox, W A
245
_a
Pakistan the consolidation of a nation
260
_a
_b
Columbia
_c
090
_c
2933
_d
2933
942
_a
NUST-CAE
_c
M
_c
21480
999
_c
238745
_d
238745